000 00790nam a2200217 i 4500
001 33238
003 ES-MaACL
005 20240925131843.0
007 t|
008 030201s1966 sp ||||1| spa d
100 1 _aBerenguer, Magín (
_d1918-2000)
_927888
245 1 0 _aArte románico en Asturias /
_cpor Magín Berenguer Alonso ; prólogo de Juan Antonio Gaya Nuño.
260 _aOviedo :
_b[s.n.,
_c1966] (
_f"La Cruz")
300 _a1 v., 63 lám. ;
_c24 cm.
500 _aPrecede al tít.: Instituto de Estudios Asturianos.
650 4 _aArte románico-
_zAsturias (Comunidad Autónoma)
_910299
700 0 _aGaya Nuño, Juan Antonio,
_d1913-1976
_956130
710 2 _aInstituto de Estudios Asturianos.
_94889
852 _aES-MaACL
_jP-979-Ter
_bR.59557
999 _c33238
_d33238